000 00460nam a22001697a 4500
999 _c4706
_d4706
008 200819b ||||| |||| 00| 0 eng d
082 0 0 _a681.2
_bJ762
100 _9829
_aJones, E. B.
245 1 0 _aInstrument technology, Vol. 3
_cby E. B. Jones
250 _a1st ed.
260 _aLondon
_bButterworths
_c1961
300 _ax,198 p.
365 _d32.00
505 0 _aVol. 3 -Telemeter and automatic control
650 0 _aEngineering Instruments
942 _cBK